Statistics for Biggest Native American Tribes in the US

Click here to take the quiz!

General Stats

  • This quiz has been taken 117 times
  • The average score is 5 of 10

Answer Stats

PopulationAnswer% Correct
308,013Navajo
91%
285,476Cherokee
84%
131,048Sioux
77%
64,869Apache
73%
44,085Creek
48%
48,365Iroquois
45%
88,913Choctaw
34%
23,583Blackfeet
33%
59,337Pueblo
33%
115,859Chippewa
28%

Score Distribution

Percentile by Number Answered

Percent of People with Each Score

Your Score History

You have not taken this quiz